| 000 | 00884cam a22003017a 4500 | ||
|---|---|---|---|
| 003 | CHAP | ||
| 005 | 20220329140645.0 | ||
| 008 | 971013s1977 r 00010 d | ||
| 010 | _a55476 | ||
| 011 | _a56448 | ||
| 035 | _a60601 | ||
| 040 | _cCHAP | ||
| 082 |
_a596 _bY6Y 1962 |
||
| 100 | 0 | 0 |
_aYoung, J. Z. _9123217 |
| 245 | 1 | 3 | _aLa vida de los vertebrados |
| 260 |
_aBarcelona : _bOmega, _c1977 |
||
| 300 |
_a660 p. _b: ilus. |
||
| 500 | _aTrad. de la 2 ed. en inglés de 1962 | ||
| 590 |
_aBATCH-UPD _b10 _c20130110 _lUCH01 _h0541 |
||
| 590 |
_aBATCH-UPD _b10 _c20130410 _lUCH01 _h0221 |
||
| 590 |
_aBATCH-UPD _b10 _c20130914 _lUCH01 _h1335 |
||
| 590 |
_aCONVERSION _b10 _c20130109 _lUCH01 _h1330 |
||
| 650 | 1 | 4 |
_aEvolución. _939007 |
| 650 | 1 | 4 |
_aVertebrados. _9118965 |
| 901 | _aBK | ||
| 942 | _cLIBRO | ||
| 949 |
_a596 Y6Y 1962 _bBC _cLIBRO _d-130538 _eLIBRO _h1415 _i60601 _si _t990.00 |
||
| 999 |
_c55476 _d55476 |
||